000 00763nam a2200253Ia 4500
003 OSt
005 20220918171904.0
006 a|||||r|||| 00| 0
007 ta
008 220917b |||||||| |||| 00| 0 eng d
020 _a97881837644 (hbk)
_c995
024 _a282,145
037 _b7344, 24/11/2014, Efficient Book Distributors
_cTextual
040 _aARTS
_cARTS
_beng
041 _2eng
_aeng
082 _aV2y7M75, Q4
100 _aChandra Puran
_939221
245 0 _aSardar Patel and national unity
260 _aJaipur
_bABD Publishers India
_c2014
300 _aviii,192p.
_ccm.
650 _aHISTORY
942 _hV2y7M75, Q4
_cTEXL
_2CC
999 _c141751
_d141751